| 000 | 00371nam a22001817a 4500 | ||
|---|---|---|---|
| 003 | OSt | ||
| 005 | 20251029123329.0 | ||
| 008 | 251029b |||||||| |||| 00| 0 eng d | ||
| 020 | _a8174507345 | ||
| 040 | _cSKBL | ||
| 041 | _aeng | ||
| 082 |
_a910 _bN1I |
||
| 100 |
_aNCERT _edrt |
||
| 245 | _aIndia People & Economy | ||
| 300 | _a153 | ||
| 700 | _eaut | ||
| 942 | _cBK | ||
| 999 |
_c67669 _d67669 |
||